Cities In South America With The Greatest Population That Begin With Letters S,O,U,T,H,A,M,E,R,I,C - Statistics

General Stats
  • This quiz has been taken 33 times
  • The average score is 3 of 12
Answer Stats
Letter(Pop) Answer % Correct
R(6.47mill) Rio De Janeiro
77%
C(3.2mill) Caracas
73%
S(11.97MILL) Sao Paulo
73%
M(2.4mill) Medellin
40%
H(364000) Huancayo
7%
U(662000) Uberlandia
7%
A(632000) Aracaju
3%
A(632000) Aracaju
3%
E(974000) El Alto
3%
I(523000) Ibague
3%
T(844000) Teresina
3%
O(694000) Osasco
0%
No matching quizzes found
Score Distribution
Percent of People with Each Score
Percentile by Number Answered
Your Score History
You have not taken this quiz